=LDR 00000nam 2200000 4500 =001 INLIS000000000046619 =005 20150414135056.0 =006 =007 =008 =020 ##$$a 978-602-241-734-7 =035 ##$$0010-041500000000101 =082 ##$$a 372.350 76-Tim-e =100 ##$$a Tim =245 ##$$a Erlangga fokus UN SMA/MA 2004 =260 ##$$a Surabaya $b Erlangga $c 2013 =300 ##$$a 458 Hlm $c 25 Cm =850 ##$$aNBPNMAT =990 ##$$a 0001/BPAP-NTB/20142015